000 00461nab a2200145Ia 4500
003 ES-SlBCS
005 20210601123943.0
008 140529s1977 xxu||||| |||| 00| 0 eng d
041 _aeng
100 1 _aMorillo, Carolyn R.
_9132407
245 0 0 _aDoing, refraining, and the strenousness of morality
_c Carolyn R. Morillo
650 0 4 _aMoralidad
_9131422
773 0 _tAmerican Philosophical Quarterly
_gvol. 14, nº. 1, 1977, págs. 29-39
_wRev1386
942 _cAR
999 _c506753
_d506753